Catálogo
 En Linea

Mensaje que los profesionales universitarios dominicanos dirigen a su excelencia el generalisimo doctor Rafael L. Trujillo Molina, benefactor de la patria y padre de la patria nueva, en ocasión del homenaje nacional que dicha clase rinde al líder del pueblo dominicano. (Registro nro. 34131)

Detalles MARC
000 -CABECERA
campo de control de longitud fija 00615nam a2200133 a 4500
001 - NÚMERO DE CONTROL
campo de control 000034640
005 - FECHA Y HORA DE LA ÚLTIMA TRANSACCIÓN
campo de control 20200930073819.0
008 - DATOS DE LONGITUD FIJA--INFORMACIÓN GENERAL
campo de control de longitud fija 111011s1959 dr r 000 0 spa d
040 ## - FUENTE DE LA CATALOGACIÓN
Centro catalogador/agencia de origen DO-SdBNP
Lengua de catalogación spa
Centro/agencia transcriptor BNPHU
082 ## - NÚMERO DE LA CLASIFICACIÓN DECIMAL DEWEY
Número de clasificación xxxx
Número de documento/Ítem M548
245 #0 - MENCIÓN DE TÍTULO
Título Mensaje que los profesionales universitarios dominicanos dirigen a su excelencia el generalisimo doctor Rafael L. Trujillo Molina, benefactor de la patria y padre de la patria nueva, en ocasión del homenaje nacional que dicha clase rinde al líder del pueblo dominicano.
260 ## - PUBLICACIÓN, DISTRIBUCIÓN, ETC.
Lugar de publicación, distribución, etc. Ciudad Trujillo, República Dominicana :
Nombre del editor, distribuidor, etc. [s.n],
Fecha de publicación, distribución, etc. 1959.
300 ## - DESCRIPCIÓN FÍSICA
Extensión 57 p. ;
Dimensiones 24 cm.
Existencias
Estado de retiro Estado de pérdida Restricciones de uso No para préstamo Código de colección Localización permanente Ubicación/localización actual Ubicación en estantería Fecha de adquisición Número de inventario Total de préstamos Signatura topográfica completa Código de barras Fecha visto por última vez Precio válido a partir de Tipo de ítem Koha
      Excluido de préstamo Raros y valiosos Patrimonio Dominicano Patrimonio Dominicano En catalogación 11.10.2011 LF1   xxxx M548 34640-10 25.06.2020 25.06.2020 No se presta

Con tecnología Koha